Capitales por cuerpo de agua - Estadísticas

Estadísticas generales
  • Esta prueba ha sido intentada 52 veces
  • La puntuación promedio es 13 de 20
Estadísticas de respuestas
Cuerpo de agua Capital/es % Correcto
Río Sena París
98%
Río Támesis Londres
94%
Río Manzanares Madrid
94%
Río de la Plata Buenos Aires | Montevideo
88%
Río Danubio Viena | Budapest | Belgrado | Bratislava
82%
Río Dniéper Kiev
80%
Río Tíber Roma
80%
Río Tigris Bagdad
71%
Estrecho de Øresund Copenhague
69%
Río Ámstel Ámsterdam
67%
Mar de Java Yakarta
65%
Río Congo Brazzaville | Kinsasa
59%
Golfo de México La Habana
59%
Mar Caspio Bakú
57%
Río Potomac Washington D.C.
51%
Lago Victoria Kampala
49%
Río Vístula Varsovia
49%
Río Mekong Vientián | Nom Pen
43%
Río Han Seúl
41%
Golfo de Adén Yibuti
31%
No se encontraron pruebas coincidentes
Distribución de puntuación
Porcentaje de gente con cada puntuación
Porcentaje por número respondido
Historial de tus puntuaciones
No has intentado esta prueba.